عرض عادي
عرض مارك
- Structural analysis (Engineering)
مدخل مصطلح موضوعي
001 - رقم الضبط
- حقل الضبط: 36530
003 - معرف رقم الضبط
- حقل الضبط: OSt
005 - تاريخ ووقت أخر عملية
- حقل الضبط: 20130806102207.0
008 - عناصر بيانات ثابتة الطول
- حقل تحكم ثابت الطول: 130806|||a|||||| | ||| d
040 ## - مصدر الفهرسة
- هيئة الفهرسة الأصلية: OSt
- وكالة الكتابة: OSt
150 ## - مدخل-- مصطلح تاريخي
- عنصر مدخل المصطلح الموضوعي او الاسم الجغرافي: Structural analysis (Engineering)
670 ## - بيانات المصدر موجوده
- الاستشهاد بالمصدر: Work cat.: (OSt)0: Megson, T. H. G. (Thomas Henry Gordon) 36529, Structural and stress analysis /, 2011
